| 000 | 01370nam0a2200385 4500 | ||
|---|---|---|---|
| 001 | RU\NLR\bibl\161140 | ||
| 005 | 20260607063311.0 | ||
| 021 |
_aRU _b2001-9644 _9464 |
||
| 035 | _a(NLR Aleph) 000158060 | ||
| 090 |
_a908620 _c908620 |
||
| 100 | _a20010521d2000 |||y0rusy50 ca | ||
| 101 | 1 |
_arus _ceng |
|
| 102 | _aRU | ||
| 105 | _aa ||||||||| | ||
| 200 | 1 |
_aПриводить людей к Христу _e[Пер. с англ.] _fВочман Ни |
|
| 210 |
_aМ. _cКоллектор библейск. кн. _d2000 |
||
| 215 |
_a28 с. _d20 |
||
| 225 | 1 |
_aДля новых верующих _dNew believer's series _v5 |
|
| 300 | _aЗагл. и авт. ориг.: Leading men to Christ / Watchman Nee | ||
| 454 | 0 |
_12001#$aLeading men to Christ$fWatchman Nee _tLeading men to Christ |
|
| 606 | 0 |
_aЕвангелизм _92071114 _3RU\NLR\auth\661245861 |
|
| 606 | 0 |
_aЕвангелизация _92082319 _3RU\NLR\auth\661258340 |
|
| 610 | 0 | _aХристианство | |
| 675 |
_a284 _v3 _zrus |
||
| 686 |
_a21.15 _2rugasnti |
||
| 686 |
_a86.376 _2rubbk |
||
| 686 | _aЭ376,0 | ||
| 700 | 1 |
_4070 _7ca _8rus _aНи _bВ. _f-1972 _gВочман _9120196 _3RU\NLR\auth\7710419 |
|
| 801 | 0 |
_aRU _bRKP _c20010521 _gPSBO |
|
| 801 | 1 |
_aRU _bRKP _c20010521 |
|
| 801 | 2 |
_aRU _bNLR _c20010627 _grcr |
|
| 942 | _cBOOK | ||
| 980 | _aNB | ||